000 00424nas a2200157 a 4500
001 24162
003 79575
005 20201118100414.0
008 ||||||n9999 ||| || ||
041 _aspa
245 0 _aAdministración y Desarrollo - No.16
260 _aBogotá :
_bEscuela Superior de Administración Pública - ESAP,
_c1975.
562 _e7
773 _016712
_aAdministración y Desarrollo
942 _cSISS
999 _c24162
_d24162